| 000 | 00636nam a22001937a 4500 | ||
|---|---|---|---|
| 999 |
_c18159 _d18159 |
||
| 003 | AR-CdUCM | ||
| 008 | 190513b ||||| |||| 00| 0 spa d | ||
| 040 |
_aMUNICIPALIDAD PROVINCIAL DEL CUSCO _cBIBLIOTECA MUNICIPAL DEL CUSCO |
||
| 082 |
_a349.851 / _bF15 |
||
| 100 |
_aFajardo, J. V. _930164 |
||
| 245 | _aLegislación indígena del Perú / | ||
| 260 |
_aLima : _bMercurio, |
||
| 300 |
_a216 paginas ; _c20 cm. |
||
| 505 | _aContenido: Primera parte -- Segunda parte -- Tercera parte -- Cuarta parte -- Quinta Parte... | ||
| 650 |
_aPerú _935 |
||
| 650 |
_aLegislación _92962 |
||
| 942 |
_2ddc _cLIBROS |
||
| 945 |
_apjha _d2019-05-13 |
||